| 000 | 01327nam a2200337 i 4500 | ||
|---|---|---|---|
| 003 | EG-GICUC | ||
| 005 | 20260121101442.0 | ||
| 008 | 251208s2018 ua ||||f |||| 000 0 ara d | ||
| 017 | _a2018/9242 | ||
| 020 | _a978-977-379-466-2 | ||
| 040 |
_a EG-GICUC _bara _c EG-GICUC _d EG-GICUC _erda |
||
| 041 | _aara | ||
| 082 | 0 | 4 |
_221 _a343.46 _bس ع . ح |
| 092 | 0 | 4 | _221 |
| 099 | _aLaw1 10 343.46 س ع . ح 2018 | ||
| 100 | 0 |
_aسعد عاطف عبدالمطلب حسنين _eمؤلف. |
|
| 245 | 1 | 2 |
_aالحماية الجنائية للمصنفات الرقمية ؛ _bدراسة مقارنة / _cسعد عاطف عبدالمطلب حسنين. |
| 264 | 1 |
_aالإسكندرية : _bدار الفكر الجامعي, _c2018. |
|
| 300 |
_a861؛ صفحة _c24 سم |
||
| 336 |
_2rda content _atext |
||
| 337 |
_2rda media _aComputer |
||
| 338 |
_2rda carrier _aOnline Resource |
||
| 504 | _a. 842-797ببليوجرافيا: صفحات. | ||
| 546 | _aالنص أغلبه باللغة العربية مع بعض النصوص الإنجليزية | ||
| 650 | 1 | 4 |
_aالتشريعات المتعلقة بتقنية المعلومات _2qrmak |
| 650 | 1 | 4 |
_aالحماية الجنائية _2qrmak |
| 651 | 1 | _2qrmak | |
| 856 | 4 | 0 | _uhttps://fll.law.cu.edu.eg/fulltext/bks/B10-07050.pdf |
| 905 | _a79 | ||
| 942 |
_2ddc _cBK _e21 _n0 |
||
| 999 |
_c49137 _d49137 |
||